Las mujeres en los procesos migratorios /
Guardat en:
| Autor principal: | |
|---|---|
| Format: | Text |
| Idioma: | Spanish |
| Publicat: |
Quito:
CONAMU. FLACSO. UNFPA. UNIFEM
|
| Etiquetes: |
Afegir etiqueta
Sense etiquetes, Sigues el primer a etiquetar aquest registre!
|
MARC
| LEADER | 00000 a a2200000 04500 | ||
|---|---|---|---|
| 001 | 34716 | ||
| 003 | cru CIDCACS/IIS | ||
| 005 | 20200925160243.0 | ||
| 008 | 170908b xxu||||| |||| 00| 0 spa d | ||
| 999 | |c 5126 |d 5126 | ||
| 020 | |a 9978-67-103-X | ||
| 040 | |c CRAI/IIS |a CRAI/IIS | ||
| 090 | |a 05.03.03 P949m | ||
| 100 | 1 | |a Carrillo E., María Cristina |9 5571 | |
| 245 | |a Las mujeres en los procesos migratorios / |c María Cristina Carrillo E. | ||
| 260 | |a Quito: |b CONAMU. FLACSO. UNFPA. UNIFEM | ||
| 300 | |a Páginas 99-120 | ||
| 773 | 0 | |0 40419 |9 1309 |a Prieto, Mercedes |d Quito: CONAMU. FLACSO. UNFPA. UNIFEM |o 02477 |t Mujeres ecuatorianas: |w (cru CIDCACS/IIS)34716 |z 9978-67-103-X | |
| 942 | |2 ddc |c LI | ||



